[Event "BLR-ch sf"]
[Site "Minsk"]
[Date "2023.12.14"]
[Round "8"]
[White "Arlou, Valery"]
[Black "Stukach, Ivan"]
[Result "1/2-1/2"]
[WhiteElo "1394"]
[BlackElo "1800"]
[PlyCount "58"]
[EventDate "2023.12.07"]
[EventType "swiss"]
[EventRounds "9"]
[EventCountry "BLR"]
[SourceTitle "CB51_2023"]
[SourceDate "2023.12.20"]
[SourceVersion "1"]
[SourceVersionDate "2023.12.20"]
[SourceQuality "1"]

1. d4 Nf6 2. Bf4 d5 3. Nf3 e6 4. e3 c5 5. Be2 Nc6 6. 0-0 Bd6 7. Bxd6 Qxd6 8. Na3 a6 9. c4 0-0 10. dxc5 Qxc5 11. cxd5 exd5 12. Nc2 Re8 13. Rc1 Qb6 14. b3 Bg4 15. h3 Bh5 16. Re1 Rad8 17. Ncd4 Ne7 18. Nh4 Bxe2 19. Rxe2 Ne4 20. Rec2 Qf6 21. Nhf3 Nc8 22. Nh2 Qh6 23. Qf3 Ncd6 24. Ng4 Qg6 25. Nh2 h5 26. h4 Nf6 27. Qf4 Nfe4 28. Nhf3 f6 29. Qh2 Qg4 1/2-1/2

[Event "BLR-ch sf"]
[Site "Minsk"]
[Date "2023.12.13"]
[Round "7"]
[White "Stukach, Ivan"]
[Black "Boika, Aliaksandr"]
[Result "0-1"]
[WhiteElo "1800"]
[BlackElo "1108"]
[PlyCount "48"]
[EventDate "2023.12.07"]
[EventType "swiss"]
[EventRounds "9"]
[EventCountry "BLR"]
[SourceTitle "CB51_2023"]
[SourceDate "2023.12.20"]
[SourceVersion "1"]
[SourceVersionDate "2023.12.20"]
[SourceQuality "1"]

1. d4 d5 2. c4 e6 3. Nc3 c5 4. e3 Nf6 5. Nf3 a6 6. a3 Nc6 7. dxc5 Bxc5 8. b4 Ba7 9. cxd5 exd5 10. Nd4 Nxd4 11. exd4 0-0 12. Bb2 Ng4 13. Be2 Qh4 14. g3 Qh3 15. Bf1 Re8+ 16. Ne2 Qh6 17. h3 Bb8 18. Bc1 Qh5 19. Bg2 Nf6 20. Be3 Qg6 21. Qb3 Bf5 22. Bxd5 Nxd5 23. Qxd5 Be4 24. Qd7 Bc6 0-1

[Event "BLR-ch sf"]
[Site "Minsk"]
[Date "2023.12.11"]
[Round "5"]
[White "Stukach, Ivan"]
[Black "Yastrebov, Yaroslav"]
[Result "0-1"]
[WhiteElo "1800"]
[BlackElo "1282"]
[PlyCount "78"]
[EventDate "2023.12.07"]
[EventType "swiss"]
[EventRounds "9"]
[EventCountry "BLR"]
[SourceTitle "CB51_2023"]
[SourceDate "2023.12.20"]
[SourceVersion "1"]
[SourceVersionDate "2023.12.20"]
[SourceQuality "1"]

1. e4 c5 2. Nc3 e5 3. d3 d6 4. f4 g6 5. Nf3 Bg7 6. Be2 Ne7 7. 0-0 0-0 8. Qe1 f5 9. fxe5 dxe5 10. Be3 b6 11. Kh1 f4 12. Bg1 Nbc6 13. a4 h6 14. Nd2 Be6 15. Nc4 g5 16. Nb5 Ng6 17. Nbd6 Rb8 18. b3 a6 19. Bh5 Nge7 20. Nf5 Nxf5 21. exf5 Bxf5 22. Qe2 Kh7 23. Rae1 Qf6 24. a5 b5 25. Nb6 Nxa5 26. Bxc5 Rxb6 27. Bxb6 Qxb6 28. Ra1 Nc6 29. Qd2 Nd4 30. Ra2 Qf6 31. Bd1 Bc8 32. Qe1 g4 33. Qe4+ Bf5 34. Qb7 g3 35. h3 Bc8 36. Qe4+ Kh8 37. c3 Nf5 38. Re2 Nh4 39. Re3 Bf5 0-1

[Event "BLR-ch sf"]
[Site "Minsk"]
[Date "2023.12.10"]
[Round "4"]
[White "Kakhno, Barys"]
[Black "Stukach, Ivan"]
[Result "1-0"]
[WhiteElo "1343"]
[BlackElo "1800"]
[PlyCount "79"]
[EventDate "2023.12.07"]
[EventType "swiss"]
[EventRounds "9"]
[EventCountry "BLR"]
[SourceTitle "CB51_2023"]
[SourceDate "2023.12.20"]
[SourceVersion "1"]
[SourceVersionDate "2023.12.20"]
[SourceQuality "1"]

1. d4 f5 2. Nf3 Nf6 3. e3 e6 4. b3 d5 5. Bb2 Be7 6. Bd3 0-0 7. Nbd2 Nbd7 8. 0-0 Qe8 9. c4 c6 10. Ne5 Nxe5 11. dxe5 Ne4 12. Nf3 Bd7 13. Qe2 Rc8 14. Rac1 Qg6 15. Rfd1 Qh6 16. Nd2 Be8 17. f3 Nxd2 18. Rxd2 f4 19. e4 Bc5+ 20. Kh1 Be3 21. cxd5 Bd7 22. Bc4 exd5 23. exd5 Rf5 24. dxc6+ Kh8 25. g4 Bxc6 26. gxf5 Bxd2 27. Qxd2 Bxf3+ 28. Kg1 Qg5+ 29. Kf1 Qxf5 30. e6 Re8 31. Qd4 Qh3+ 32. Ke1 Qg2 33. Qf2 Qg4 34. Kd2 Rd8+ 35. Bd4 Qg5 36. Kc3 Qa5+ 37. Kb2 Bh5 38. e7 Rc8 39. Qxf4 Qb4 40. Qe5 1-0

[Event "BLR-ch sf"]
[Site "Minsk"]
[Date "2023.12.08"]
[Round "2"]
[White "Darokhin, Dary"]
[Black "Stukach, Ivan"]
[Result "1-0"]
[WhiteElo "1328"]
[BlackElo "1800"]
[PlyCount "63"]
[EventDate "2023.12.07"]
[EventType "swiss"]
[EventRounds "9"]
[EventCountry "BLR"]
[SourceTitle "CB51_2023"]
[SourceDate "2023.12.20"]
[SourceVersion "1"]
[SourceVersionDate "2023.12.20"]
[SourceQuality "1"]

1. e4 e5 2. d4 exd4 3. Qxd4 Nc6 4. Qe3 Nf6 5. Nc3 Bb4 6. Bd2 d6 7. 0-0-0 0-0 8. f3 Be6 9. g4 a5 10. h4 Ne5 11. g5 Nh5 12. f4 Nc4 13. Bxc4 Bxc4 14. Qd4 b5 15. Qe3 Bxc3 16. Qxc3 Qe7 17. Qf3 g6 18. b3 Be6 19. f5 Bd7 20. Nh3 c5 21. Nf4 Nxf4 22. Bxf4 Ra6 23. h5 b4 24. Kb1 a4 25. Qd3 Rfa8 26. Bxd6 Qxg5 27. hxg6 fxg6 28. Qd5+ Kh8 29. Rxh7+ Kxh7 30. Qf7+ Kh6 31. Rh1+ Qh5 32. Qxg6# 1-0